Chanteurs et musiciens en I (par images). - Statistiques

Statistiques générales
  • Ce quiz a été pris 418 fois
  • Le résultat moyen est 5 sur 12
Statistiques - réponses
Par images Réponse % Correct
Indila
95%
Indochine
89%
Imagine Dragons
61%
IAM
60%
Iggy Pop
41%
Ice Cube
37%
Julio Iglesias
34%
Iron Maiden
24%
Ice-T
18%
Imany
18%
Billy Idol
10%
IU
7%
Aucun quiz correspondant
Distribution des résultats
% des personnes avec chaque résultat
Percentile par nombre de réponses
Votre historique - résultats
Vous n’avez pas pris ce quiz